[Event "Aldea de San Nicola Hernandez 37th"]
[Site "Aldea de San Nicolas"]
[Date "2019.08.28"]
[Round "4"]
[White "Moreno Diepa, Diego"]
[Black "Rodriguez Fernandez, Cristian"]
[Result "1/2-1/2"]
[WhiteElo "1657"]
[BlackElo "1973"]
[PlyCount "77"]
[EventDate "2019.08.21"]
[EventType "swiss"]
[EventRounds "5"]
[EventCountry "ESP"]
[SourceTitle "EXT 2024"]
[Source "ChessBase"]
[SourceDate "2023.10.10"]
[SourceVersion "1"]
[SourceVersionDate "2023.10.10"]
[SourceQuality "1"]

1. e4 c5 2. c3 Nf6 3. e5 Nd5 4. d4 cxd4 5. cxd4 d6 6. Nf3 Nc6 7. Nc3 Nxc3 8. bxc3 dxe5 9. d5 e4 10. Ng5 Na5 11. Nxe4 e6 12. c4 Bb4+ 13. Bd2 Bxd2+ 14. Qxd2 0-0 15. d6 f5 16. Nc5 b6 17. Nb3 Qf6 18. Rd1 Qe5+ 19. Qe3 Qxe3+ 20. fxe3 Nxb3 21. axb3 Bb7 22. Rd2 Rfd8 23. Kf2 Rd7 24. Be2 Rad8 25. Rhd1 a5 26. c5 bxc5 27. Bb5 Bd5 28. Bxd7 Rxd7 29. Rxd5 exd5 30. Rxd5 g6 31. g4 fxg4 32. e4 Kf7 33. e5 Ke6 34. Rxc5 Rb7 35. Rxa5 Rxb3 36. Ra7 Kxe5 37. Rxh7 Kxd6 38. Rh6 Ke5 39. Rxg6 1/2-1/2

[Event "Aldea de San Nicola Hernandez 37th"]
[Site "Aldea de San Nicolas"]
[Date "2019.08.26"]
[Round "3"]
[White "Rodriguez Fernandez, Cristian"]
[Black "Dominguez Santos, Angel Manuel"]
[Result "0-1"]
[WhiteElo "1973"]
[BlackElo "1718"]
[PlyCount "54"]
[EventDate "2019.08.21"]
[EventType "swiss"]
[EventRounds "5"]
[EventCountry "ESP"]
[SourceTitle "EXT 2024"]
[Source "ChessBase"]
[SourceDate "2023.10.10"]
[SourceVersion "1"]
[SourceVersionDate "2023.10.10"]
[SourceQuality "1"]

1. Nf3 d5 2. d4 e6 3. c4 c5 4. cxd5 exd5 5. Nc3 Nc6 6. dxc5 d4 7. Ne4 Bxc5 8. Nxc5 Qa5+ 9. Bd2 Qxc5 10. g3 Nf6 11. Bg2 0-0 12. 0-0 Bg4 13. a3 Rad8 14. h3 Bh5 15. Qb3 Ne4 16. g4 Bg6 17. Bf4 Rd7 18. Rac1 Qe7 19. Rfd1 h5 20. Qc4 Rfd8 21. Nd2 hxg4 22. Nxe4 Bxe4 23. Bf1 gxh3 24. Bxh3 Qh4 25. Qb3 d3 26. Rxd3 Rxd3 27. exd3 Qxf4 0-1

[Event "Las Palmas Insular-chT Primera-A 1617"]
[Site "Las Palmas"]
[Date "2016.12.17"]
[Round "7.1"]
[White "Padron Pulido, Pedro Gabino"]
[Black "Rodriguez Fernandez, Cristian"]
[Result "0-1"]
[WhiteElo "2021"]
[BlackElo "1983"]
[PlyCount "114"]
[EventDate "2016.10.22"]
[EventType "team-tourn"]
[EventRounds "14"]
[EventCountry "ESP"]
[SourceTitle "EXT 2018"]
[Source "ChessBase"]
[SourceDate "2017.10.13"]
[SourceVersion "1"]
[SourceVersionDate "2017.10.13"]
[SourceQuality "1"]
[WhiteTeam "Tres W II"]
[BlackTeam "La Aldea"]
[WhiteTeamCountry "ESP"]
[BlackTeamCountry "ESP"]

1. e4 e5 2. d4 exd4 3. c3 dxc3 4. Bc4 cxb2 5. Bxb2 d5 6. exd5 Nf6 7. Ne2 c6 8. Nbc3 cxd5 9. Bb3 Be6 10. 0-0 Bd6 11. h3 Nc6 12. Nb5 Be7 13. Qd3 a6 14. Nbd4 0-0 15. Ng3 Nxd4 16. Qxd4 Rc8 17. Rad1 Qa5 18. Qe5 Qc7 19. Qe2 Rfe8 20. Rfe1 b5 21. Qf3 Qd7 22. Ne2 Ne4 23. Nd4 Bf6 24. Ba1 Qb7 25. Nf5 Bxa1 26. Rxa1 Nd2 27. Qf4 Nxb3 28. axb3 Bxf5 29. Rxe8+ Rxe8 30. Qxf5 Qc6 31. Rd1 Rd8 32. Qg5 f6 33. Qe3 a5 34. h4 a4 35. bxa4 bxa4 36. h5 f5 37. Qg5 Qf6 38. Qc1 Qh4 39. Qc6 Qxh5 40. Rxd5 Rxd5 41. Qxd5+ Kf8 42. Qa8+ Qe8 43. Qa5 Qd7 44. g3 h6 45. Kg2 Kf7 46. Kg1 Ke6 47. Qb6+ Qd6 48. Qe3+ Kf6 49. Qc3+ Kg6 50. Qc2 a3 51. g4 Qf4 52. Qc6+ Kh7 53. Qc2 Qxg4+ 54. Kf1 Qh3+ 55. Ke1 Qf3 56. Kf1 h5 57. Qc4 Qh1+ 0-1

[Event "Las Palmas Insular-chT Primera-A 1617"]
[Site "Las Palmas"]
[Date "2016.12.03"]
[Round "6.1"]
[White "Rodriguez Fernandez, Cristian"]
[Black "Ruiz Romero, Pedro"]
[Result "1/2-1/2"]
[WhiteElo "1983"]
[BlackElo "1806"]
[PlyCount "94"]
[EventDate "2016.10.22"]
[EventType "team-tourn"]
[EventRounds "14"]
[EventCountry "ESP"]
[SourceTitle "EXT 2018"]
[Source "ChessBase"]
[SourceDate "2017.10.13"]
[SourceVersion "1"]
[SourceVersionDate "2017.10.13"]
[SourceQuality "1"]
[WhiteTeam "La Aldea"]
[BlackTeam "Anand II"]
[WhiteTeamCountry "ESP"]
[BlackTeamCountry "ESP"]

1. e4 e5 2. Nf3 Nc6 3. Bb5 Nf6 4. 0-0 Be7 5. Re1 d6 6. h3 0-0 7. c3 a6 8. Ba4 b5 9. Bc2 Bb7 10. a4 d5 11. axb5 axb5 12. Rxa8 Bxa8 13. exd5 Qxd5 14. Bb3 Qd6 15. Na3 Qc5 16. d4 exd4 17. cxd4 Qh5 18. Ne5 Qxd1 19. Rxd1 Bxa3 20. bxa3 Na5 21. Ba2 Bd5 22. Bd2 Bxa2 23. Bxa5 Ra8 24. Ra1 Rxa5 25. Rxa2 Nd5 26. Rb2 f6 27. Nc6 Ra6 28. Rxb5 Nb6 29. Rc5 Rxa3 30. Ne7+ Kf8 31. Rxc7 Rd3 32. Nf5 g6 33. Ng7 Rd1+ 34. Kh2 h5 35. Ne6+ Ke8 36. Nf4 Rxd4 37. Nxg6 Nd5 38. Rh7 Nf4 39. Nxf4 Rxf4 40. Rxh5 Rxf2 41. Rh7 Kf8 42. Kg3 Rf5 43. h4 Kg8 44. Ra7 Re5 45. Kf4 Rc5 46. Kg4 Re5 47. h5 Rg5+ 1/2-1/2

[Event "Las Palmas Insular-chT Primera-B"]
[Site "Las Palmas"]
[Date "2015.12.05"]
[Round "5.1"]
[White "Rodriguez Fernandez, Cristian"]
[Black "Macias Reyes, Jose Luis"]
[Result "0-1"]
[WhiteElo "1988"]
[BlackElo "1557"]
[PlyCount "76"]
[EventDate "2015.10.17"]
[EventType "team-tourn"]
[EventRounds "14"]
[EventCountry "ESP"]
[SourceTitle "CBM 170 Extra"]
[Source "ChessBase"]
[SourceDate "2016.02.25"]
[SourceVersion "1"]
[SourceVersionDate "2016.02.25"]
[SourceQuality "1"]
[WhiteTeam "La Aldea"]
[BlackTeam "Sociedad La Montana III"]
[WhiteTeamCountry "ESP"]
[BlackTeamCountry "ESP"]

1. e4 c5 2. Nf3 d6 3. d4 cxd4 4. Nxd4 Nf6 5. Nc3 e6 6. Be3 a6 7. f3 Be7 8. Qd2 Nc6 9. g4 Nxd4 10. Qxd4 e5 11. Qd2 Be6 12. 0-0-0 Qc7 13. h4 b5 14. g5 Nh5 15. Bh3 g6 16. Bg4 Rd8 17. Bxh5 gxh5 18. Nd5 Bxd5 19. Qxd5 Rc8 20. Rh2 0-0 21. Kb1 Qa5 22. f4 exf4 23. Bxf4 Rc5 24. Qd3 Rd8 25. Qf3 Bf8 26. Qxh5 Bg7 27. Qf3 Qb4 28. Bc1 Re5 29. Re2 Rde8 30. c3 Qc5 31. Rde1 Qc6 32. Bf4 R5e6 33. a3 a5 34. Re3 b4 35. Qe2 Qc5 36. axb4 axb4 37. cxb4 Qxb4 38. Qd3 Qxb2# 0-1

[Event "Tenerife-chT"]
[Site "Tenerife"]
[Date "2013.05.11"]
[Round "14.2"]
[White "Perez Barreto, Adrian"]
[Black "Rodriguez Fernandez, Cristian"]
[Result "0-1"]
[WhiteElo "1997"]
[BlackElo "1980"]
[PlyCount "74"]
[EventDate "2013.01.19"]
[EventType "team-tourn"]
[EventRounds "14"]
[EventCountry "ESP"]
[SourceTitle "EXT 2014"]
[Source "ChessBase"]
[SourceDate "2013.11.20"]
[SourceVersion "1"]
[SourceVersionDate "2013.11.20"]
[SourceQuality "1"]
[WhiteTeam "Canarias 64"]
[BlackTeam "Circulo de Amistad XII"]
[WhiteTeamCountry "ESP"]
[BlackTeamCountry "ESP"]

1. d4 Nf6 2. c4 e6 3. Nc3 d5 4. cxd5 exd5 5. Bg5 Be7 6. e3 0-0 7. Bd3 c6 8. Qc2 Nbd7 9. h3 Re8 10. Nf3 a5 11. Bf4 Nf8 12. 0-0-0 b5 13. g4 a4 14. Ne5 Qb6 15. g5 N6d7 16. Ng4 Ng6 17. h4 Ndf8 18. Ne5 Nxe5 19. Bxe5 Bg4 20. Rdg1 Bh5 21. f4 Qa5 22. Ne2 b4 23. Ng3 b3 24. Qb1 Bf3 25. Nf5 bxa2 26. Qxa2 Bxh1 27. h5 Ne6 28. Nh6+ Kf8 29. g6 hxg6 30. hxg6 f6 31. Rxh1 gxh6 32. Rxh6 Qe1+ 33. Kc2 fxe5 34. dxe5 Bb4 35. Rh2 Ra5 36. Bf5 Rc5+ 37. Kd3 Qd1+ 0-1

[Event "Tenerife-chT"]
[Site "Tenerife"]
[Date "2013.04.13"]
[Round "11.2"]
[White "Martin Hernandez, Ruben"]
[Black "Rodriguez Fernandez, Cristian"]
[Result "1-0"]
[WhiteElo "2187"]
[BlackElo "1980"]
[PlyCount "79"]
[EventDate "2013.01.19"]
[EventType "team-tourn"]
[EventRounds "14"]
[EventCountry "ESP"]
[SourceTitle "EXT 2014"]
[Source "ChessBase"]
[SourceDate "2013.11.20"]
[SourceVersion "1"]
[SourceVersionDate "2013.11.20"]
[SourceQuality "1"]
[WhiteTeam "El Sauzal Libreria Barco"]
[BlackTeam "Circulo de Amistad XII"]
[WhiteTeamCountry "ESP"]
[BlackTeamCountry "ESP"]

1. d4 Nf6 2. c4 e6 3. g3 d5 4. Bg2 Bb4+ 5. Bd2 Be7 6. Nf3 0-0 7. 0-0 c6 8. Nc3 b6 9. Ne5 Bb7 10. Bf4 Nbd7 11. Rc1 Rc8 12. cxd5 Nxd5 13. Qa4 Nxe5 14. Bxe5 a6 15. Rfd1 f6 16. Bf4 Nxf4 17. gxf4 Qd6 18. e3 f5 19. Qb3 b5 20. Na4 Rc7 21. Nc5 Bc8 22. Rd2 a5 23. a4 Bd7 24. Rdc2 b4 25. Nxd7 Qxd7 26. Bxc6 Qd6 27. Bd5 Rxc2 28. Bxe6+ Kh8 29. Rxc2 Rf6 30. Rc8+ Bf8 31. Qd5 Qxd5 32. Bxd5 g6 33. Ra8 Kg7 34. Rxa5 Rd6 35. Ra7+ Kh8 36. Bc4 Rc6 37. b3 h6 38. a5 Bd6 39. a6 Rc8 40. Rd7 1-0

[Event "Tenerife-chT"]
[Site "Tenerife"]
[Date "2013.03.09"]
[Round "7.2"]
[White "Rodriguez Fernandez, Cristian"]
[Black "Abreu Suarez, Isauro"]
[Result "1-0"]
[WhiteElo "1980"]
[BlackElo "2022"]
[PlyCount "97"]
[EventDate "2013.01.19"]
[EventType "team-tourn"]
[EventRounds "14"]
[EventCountry "ESP"]
[SourceTitle "EXT 2014"]
[Source "ChessBase"]
[SourceDate "2013.11.20"]
[SourceVersion "1"]
[SourceVersionDate "2013.11.20"]
[SourceQuality "1"]
[WhiteTeam "Circulo de Amistad XII"]
[BlackTeam "Canarias 64"]
[WhiteTeamCountry "ESP"]
[BlackTeamCountry "ESP"]

1. Nf3 Nf6 2. d4 c5 3. c3 e6 4. Bf4 d5 5. e3 Nbd7 6. Nbd2 Be7 7. h3 0-0 8. Bd3 Re8 9. 0-0 a6 10. Re1 c4 11. Bc2 b5 12. e4 dxe4 13. Nxe4 Bb7 14. Nd6 Bxd6 15. Bxd6 Qb6 16. Bh2 Qc6 17. Qd2 Rad8 18. Qg5 h6 19. Qh4 Nf8 20. Re3 Rd5 21. Be5 N8h7 22. Bxh7+ Nxh7 23. Qg4 f6 24. Bf4 h5 25. Qg3 Kf7 26. h4 Nf8 27. Rae1 Ng6 28. Re4 a5 29. Bd2 Ba8 30. R1e2 Qb7 31. Qh3 Nf8 32. a3 g6 33. Bh6 Rf5 34. Bxf8 Kxf8 35. Rxe6 Rxe6 36. Rxe6 Kf7 37. Re3 b4 38. axb4 axb4 39. Qg3 bxc3 40. bxc3 Qc6 41. Qb8 Rb5 42. Qd8 Rb7 43. Ne1 Ra7 44. Qh8 Qd7 45. Qh7+ Kf8 46. Qxg6 Qf7 47. Qh6+ Qg7 48. Qxh5 Bc6 49. Qc5+ 1-0

[Event "Tenerife-chT"]
[Site "Tenerife"]
[Date "2013.02.23"]
[Round "5.2"]
[White "Gonzalez Marrero, Jacob"]
[Black "Rodriguez Fernandez, Cristian"]
[Result "1-0"]
[WhiteElo "2235"]
[BlackElo "1980"]
[PlyCount "59"]
[EventDate "2013.01.19"]
[EventType "team-tourn"]
[EventRounds "14"]
[EventCountry "ESP"]
[SourceTitle "EXT 2014"]
[Source "ChessBase"]
[SourceDate "2013.11.20"]
[SourceVersion "1"]
[SourceVersionDate "2013.11.20"]
[SourceQuality "1"]
[WhiteTeam "Laguna Cotelec"]
[BlackTeam "Circulo de Amistad XII"]
[WhiteTeamCountry "ESP"]
[BlackTeamCountry "ESP"]

1. d4 Nf6 2. c4 g6 3. Nc3 Bg7 4. e4 d6 5. h3 0-0 6. Bd3 e5 7. d5 c6 8. Nge2 a5 9. Be3 Na6 10. g4 cxd5 11. cxd5 Nc5 12. Bc2 Bd7 13. a4 Kh8 14. Ng3 Ng8 15. h4 Qc8 16. f3 f5 17. exf5 gxf5 18. Nxf5 Bxf5 19. Bxf5 Rxf5 20. gxf5 Qxf5 21. Bxc5 dxc5 22. Ne4 Rf8 23. Ra3 Nf6 24. Nxf6 Bxf6 25. Qd3 Qf4 26. Kd1 e4 27. Qxe4 Qg3 28. Rb3 Rf7 29. h5 Qg2 30. Qe8+ 1-0

[Event "Tenerife-chT"]
[Site "Tenerife"]
[Date "2013.02.16"]
[Round "4.2"]
[White "Rodriguez Fernandez, Cristian"]
[Black "Martin Hernandez, Ruben"]
[Result "0-1"]
[WhiteElo "1980"]
[BlackElo "2187"]
[PlyCount "92"]
[EventDate "2013.01.19"]
[EventType "team-tourn"]
[EventRounds "14"]
[EventCountry "ESP"]
[SourceTitle "EXT 2014"]
[Source "ChessBase"]
[SourceDate "2013.11.20"]
[SourceVersion "1"]
[SourceVersionDate "2013.11.20"]
[SourceQuality "1"]
[WhiteTeam "Circulo de Amistad XII"]
[BlackTeam "El Sauzal Libreria Barco"]
[WhiteTeamCountry "ESP"]
[BlackTeamCountry "ESP"]

1. Nf3 c5 2. e4 e6 3. d4 cxd4 4. Nxd4 Nc6 5. Nc3 Qc7 6. Be2 a6 7. a4 Nf6 8. 0-0 Bb4 9. Qd3 0-0 10. Bg5 Be7 11. Nxc6 dxc6 12. Qg3 Qxg3 13. hxg3 e5 14. Bc4 Bd7 15. Rfd1 Rfd8 16. Be3 b5 17. axb5 axb5 18. Rxa8 Rxa8 19. Bb3 Be8 20. f3 Kf8 21. Kf2 Nd7 22. f4 f6 23. Be6 Nc5 24. Bxc5 Bxc5+ 25. Kf3 Ke7 26. Bb3 Bd4 27. Rb1 h6 28. Ne2 Bb6 29. c3 Ra7 30. Rd1 Bc7 31. f5 c5 32. Be6 c4 33. g4 Ra2 34. Rd2 Bd6 35. Nc1 Ra1 36. Rc2 Kd8 37. Bd5 Kc7 38. Ne2 Rf1+ 39. Kg3 Bc5 40. Kh2 Be3 41. Kg3 h5 42. Kh2 hxg4 43. Ng3 Bf4 44. Be6 Bc6 45. Re2 Ra1 46. Bf7 Ra8 0-1

[Event "Tenerife-chT"]
[Site "Tenerife"]
[Date "2013.01.26"]
[Round "2.1"]
[White "Cabrera Trujillo, Jorge Juan"]
[Black "Rodriguez Fernandez, Cristian"]
[Result "1-0"]
[WhiteElo "2361"]
[BlackElo "1980"]
[PlyCount "49"]
[EventDate "2013.01.19"]
[EventType "team-tourn"]
[EventRounds "14"]
[EventCountry "ESP"]
[SourceTitle "EXT 2014"]
[Source "ChessBase"]
[SourceDate "2013.11.20"]
[SourceVersion "1"]
[SourceVersionDate "2013.11.20"]
[SourceQuality "1"]
[WhiteTeam "Rey Ahogado"]
[BlackTeam "Circulo de Amistad XII"]
[WhiteTeamCountry "ESP"]
[BlackTeamCountry "ESP"]

1. Nf3 Nf6 2. c4 d6 3. d4 g6 4. g3 Bg7 5. Bg2 0-0 6. 0-0 Nc6 7. Nc3 a6 8. Qc2 Rb8 9. a3 Bd7 10. Rd1 b5 11. cxb5 axb5 12. b4 Na7 13. Nd2 c6 14. Bb2 Qc7 15. Rac1 c5 16. dxc5 dxc5 17. bxc5 Qxc5 18. Nd5 Qxc2 19. Nxe7+ Kh8 20. Rxc2 b4 21. Nc6 Bxc6 22. Bxc6 bxa3 23. Bxa3 Rfc8 24. Rdc1 Nxc6 25. Rxc6 1-0

[Event "Tenerife op 22nd"]
[Site "Santa Cruz de Tenerife"]
[Date "2011.12.20"]
[Round "3"]
[White "Rodriguez Fernandez, Cristian"]
[Black "Dos Reis Cabrera, Jose Manuel"]
[Result "1-0"]
[WhiteElo "1976"]
[BlackElo "1290"]
[PlyCount "41"]
[EventDate "2011.12.18"]
[EventType "swiss"]
[EventRounds "9"]
[EventCountry "ESP"]
[SourceTitle "CBM 146 Extra"]
[Source "ChessBase"]
[SourceDate "2012.02.29"]
[SourceVersion "1"]
[SourceVersionDate "2012.02.29"]
[SourceQuality "1"]

1. e4 e5 2. Nf3 d6 3. d4 Nd7 4. Bc4 Be7 5. 0-0 h6 6. h3 Ngf6 7. Re1 b6 8. c3 Bb7 9. Nbd2 0-0 10. Bd3 Nh7 11. Nf1 Ng5 12. Ng3 d5 13. Bxg5 Bxg5 14. dxe5 dxe4 15. Bxe4 Bxe4 16. Rxe4 Re8 17. Rd4 Re7 18. Nf5 Re8 19. Rxd7 Qc8 20. Qd5 Rd8 21. Qxf7+ 1-0

[Event "Tenerife op 20th"]
[Site "Tenerife"]
[Date "2009.12.22"]
[Round "4"]
[White "Rodriguez Fernandez, Cristian"]
[Black "Nortes Hernandez, Pedro Manuel"]
[Result "0-1"]
[WhiteElo "2004"]
[BlackElo "1850"]
[PlyCount "128"]
[EventDate "2009.12.19"]
[EventType "swiss"]
[EventRounds "9"]
[EventCountry "ESP"]
[SourceTitle "CBM 134 Extra"]
[Source "ChessBase"]
[SourceDate "2010.03.03"]
[SourceVersion "1"]
[SourceVersionDate "2010.03.03"]
[SourceQuality "1"]

1. d4 Nf6 2. c4 e6 3. Nf3 d5 4. Nc3 c6 5. Bg5 Nbd7 6. e3 Be7 7. Bd3 dxc4 8. Bxc4 b5 9. Bd3 Bb7 10. a3 a6 11. 0-0 c5 12. Rc1 Rc8 13. Qe2 h6 14. Bh4 0-0 15. Rfd1 Qb6 16. Ne5 Rfe8 17. Bb1 Nxe5 18. dxe5 Qc6 19. f4 Nd5 20. Bxe7 Rxe7 21. Ne4 c4 22. Nd6 Rb8 23. Be4 Qb6 24. Bxd5 Bxd5 25. Kh1 Rd7 26. e4 Bc6 27. Rc3 Rbd8 28. Rg3 Qb7 29. h4 Qa8 30. Qg4 g6 31. Re1 Rxd6 32. exd6 Bxe4 33. Qe2 Bf5 34. Qe5 Qd5 35. h5 Qxd6 36. hxg6 Qxe5 37. gxf7+ Kxf7 38. Rxe5 Rd4 39. Rf3 Rd2 40. b3 Rd3 41. bxc4 bxc4 42. Rc5 Be4 43. Rxd3 cxd3 44. Rc1 e5 45. fxe5 Ke6 46. Kg1 Kxe5 47. Kf2 Kd4 48. g4 d2 49. Rg1 Bc2 50. Ke2 d1Q+ 51. Rxd1+ Bxd1+ 52. Kxd1 Kd3 53. a4 a5 54. Kc1 Kc3 55. Kb1 Kb3 56. Ka1 Kxa4 57. Kb2 Kb4 58. Ka2 Kc4 59. Ka3 Kd4 60. Ka4 Ke4 61. Kxa5 Kf4 62. Kb4 Kxg4 63. Kc3 h5 64. Kd2 Kg3 0-1

[Event "Tenerife op 20th"]
[Site "Tenerife"]
[Date "2009.12.20"]
[Round "2"]
[White "Hernandez Leon, Alberto"]
[Black "Rodriguez Fernandez, Cristian"]
[Result "1-0"]
[WhiteElo "2241"]
[BlackElo "2004"]
[PlyCount "82"]
[EventDate "2009.12.19"]
[EventType "swiss"]
[EventRounds "9"]
[EventCountry "ESP"]
[SourceTitle "CBM 134 Extra"]
[Source "ChessBase"]
[SourceDate "2010.03.03"]
[SourceVersion "1"]
[SourceVersionDate "2010.03.03"]
[SourceQuality "1"]

1. d4 Nf6 2. Nf3 g6 3. c4 d6 4. Nc3 Bg7 5. e4 0-0 6. Be2 e5 7. Be3 Nc6 8. d5 Ne7 9. Nd2 Ne8 10. b4 f5 11. f3 f4 12. Bf2 g5 13. c5 Ng6 14. Nc4 Rf7 15. Qa4 h5 16. Qa5 Nh4 17. Rg1 Qf6 18. Nb5 a6 19. cxd6 cxd6 20. Nb6 Rb8 21. Rc1 Qd8 22. Na7 Bd7 23. b5 g4 24. bxa6 Bh6 25. Nc6 bxc6 26. a7 Ra8 27. dxc6 Be6 28. c7 Rxc7 29. Bc4 Rxc4 30. Nxc4 Qxa5+ 31. Nxa5 g3 32. Bb6 gxh2 33. Rh1 Nxg2+ 34. Kf2 Ne3 35. Rxh2 Nf6 36. Rc7 Bc8 37. Nc6 Bf8 38. Rh1 Ne8 39. Rg1+ Kh8 40. Rf7 Bg7 41. Re7 Bh3 1-0

[Event "Tenerife op 19th"]
[Site "Tenerife"]
[Date "2009.01.12"]
[Round "7"]
[White "Rodriguez Fernandez, Cristian"]
[Black "Mendoza Contreras, Lucas Eduardo"]
[Result "0-1"]
[WhiteElo "1987"]
[BlackElo "2207"]
[PlyCount "152"]
[EventDate "2008.12.29"]
[EventType "swiss"]
[EventRounds "9"]
[EventCountry "ESP"]
[SourceTitle "CBM 128 Extra"]
[Source "ChessBase"]
[SourceDate "2009.03.05"]
[SourceVersion "2"]
[SourceVersionDate "2009.03.25"]
[SourceQuality "1"]

1. e4 e5 2. Nf3 Nc6 3. Bb5 a6 4. Ba4 Nf6 5. 0-0 Be7 6. Re1 b5 7. Bb3 d6 8. c3 0-0 9. h3 Na5 10. Bc2 c5 11. d4 cxd4 12. cxd4 exd4 13. Nxd4 Bb7 14. Qf3 Nd7 15. Nf5 Bf6 16. Nc3 Rc8 17. Re2 Re8 18. Qg3 Ne5 19. Bh6 Ng6 20. Be3 Nc4 21. Rd1 Be5 22. Qg4 Nxb2 23. Nd5 Nxd1 24. Bb6 Nc3 25. Rd2 Nxd5 26. Bxd8 Bf4 27. Rxd5 Bxd5 28. Nh6+ Bxh6 29. Qxc8 Bxa2 30. Qxa6 Bc4 31. Bc7 Bf4 32. g3 Be5 33. Kh2 h5 34. f4 Nxf4 35. gxf4 Bxf4+ 36. Kg2 Re6 37. Qc8+ Kh7 38. e5+ g6 39. Bxd6 Bxe5 40. Ba3 Bg7 41. Bd1 Re3 42. Bc1 Rc3 43. Qb7 Rxc1 44. Bf3 Rc2+ 45. Kh1 Be5 46. Qe4 Rc1+ 47. Kg2 Bg7 48. Bxh5 f5 49. Qh4 gxh5 50. Qxh5+ Bh6 51. Qxf5+ Kg7 52. h4 Rf1 53. Qe5+ Rf6 54. h5 Bf4 55. Qe4 Bf7 56. Qb4 Rf5 57. Qd4+ Rf6 58. Qc5 Bc4 59. Qe7+ Rf7 60. Qe4 Rf6 61. Qe7+ Bf7 62. Qc5 Kh6 63. Qxb5 Bxh5 64. Qb2 Bg5 65. Qb8 Bg6 66. Qh2+ Kg7 67. Qc7+ Rf7 68. Qe5+ Bf6 69. Qb8 Be4+ 70. Kh2 Rb7 71. Qg3+ Kf7 72. Qa3 Rb2+ 73. Kh3 Rg2 74. Qd6 Rg5 75. Qc7+ Kg6 76. Qd6 Bg2+ 0-1

[Event "La Laguna op 2nd"]
[Site "La Laguna"]
[Date "2008.04.21"]
[Round "1"]
[White "Rodriguez Fernandez, Cristian"]
[Black "Malakhatko, Vadim"]
[Result "0-1"]
[WhiteElo "1892"]
[BlackElo "2621"]
[PlyCount "58"]
[EventDate "2008.04.21"]
[EventType "swiss"]
[EventRounds "9"]
[EventCountry "ESP"]
[SourceTitle "CBM 123 Extra"]
[Source "ChessBase"]
[SourceDate "2008.05.06"]
[SourceVersion "1"]
[SourceVersionDate "2008.05.06"]
[SourceQuality "1"]

1. e4 e6 2. d4 d5 3. Nc3 Nf6 4. Bg5 dxe4 5. Nxe4 Be7 6. Bxf6 gxf6 7. Nf3 f5 8. Nc3 a6 9. Qd2 b5 10. a4 b4 11. Na2 c5 12. g3 Ra7 13. Bg2 Rd7 14. 0-0 Nc6 15. c3 bxc3 16. bxc3 cxd4 17. cxd4 Nxd4 18. Nxd4 Rxd4 19. Bc6+ Kf8 20. Qh6+ Kg8 21. Rab1 Bg5 22. Qh5 Kg7 23. Rfd1 Bf6 24. Nb4 Qd6 25. a5 Rxd1+ 26. Qxd1 Qxd1+ 27. Rxd1 Bc3 28. Rb1 Rd8 29. Bg2 Rd2 0-1

[Event "La Laguna op 1st"]
[Site "La Laguna"]
[Date "2007.03.06"]
[Round "2"]
[White "Perera, PRP"]
[Black "Rodriguez Fernandez, Cristian"]
[Result "1-0"]
[WhiteElo "2229"]
[BlackElo "1788"]
[PlyCount "52"]
[EventDate "2007.03.05"]
[EventType "swiss"]
[EventRounds "9"]
[EventCountry "ESP"]
[SourceTitle "CBM 117 Extra"]
[Source "ChessBase"]
[SourceDate "2007.05.09"]
[SourceVersion "1"]
[SourceVersionDate "2007.05.09"]
[SourceQuality "1"]

1. Nf3 c5 2. c4 Nc6 3. d4 cxd4 4. Nxd4 Nf6 5. g3 g6 6. Bg2 Bg7 7. Nc3 0-0 8. 0-0 a6 9. c5 Nxd4 10. Qxd4 d6 11. Rd1 Nd7 12. Qh4 Bf6 13. Bg5 Bxg5 14. Qxg5 Nxc5 15. Nd5 Re8 16. Rac1 Be6 17. b4 Bxd5 18. Qxd5 Ne6 19. h4 Qb6 20. a3 Nd8 21. h5 Qb5 22. hxg6 hxg6 23. Qd2 a5 24. Bd5 Nc6 25. Qh6 e6 26. Rc4 g5 1-0